000 01017nac a22002531i 4500
003 EG-ScBUE
005 20250218102245.0
008 250211s1948 enka f b 001 0 eng d
040 _aEG-ScBUE
_beng
_erda
_cEG-ScBUE
_dEG-ScBUE
082 0 4 _a515.63
_bWEA
_222
100 1 _aWeatherburn, C. E.,
_eauthor.
245 1 0 _aAdvanced vector analysis :
_bwith application to mathematical physics /
_cby C. E. Weatherburn, M.A. (Cambridge), D.Sc (Sydney), professor of mathematics, University of Western Australia.
264 1 _aLondon :
_bG. Bell and Sons, ltd. ;
_aLaSalle, Illinois :
_bOpen Court Publishing Company,
_c1948.
300 _axiv, 222 pages :
_billustrations ;
_c22 cm
336 _2rdacontent
_atext
_btxt
337 _aunmediated
_2rdamedia
_bn
338 _avolume
_bnc
_2rdacarrier
501 _aIncludes appendix.
504 _aIncludes bibliographical references and index.
650 7 _aVector analysis.
_2BUEsh
655 _vReading book
942 _cBB
_2ddc
999 _c3003
_d3003